clash of clan troupes - Statistiques

Statistiques générales
  • Ce quiz a été pris 163 fois
  • Le résultat moyen est 8 sur 8
Statistiques - réponses
Par images Réponse % Correct
géant
99%
sorcier
99%
golem
98%
sorcière
98%
chevaucheur de cochon
96%
roi des barbares
93%
reine des archers
86%
sapeur
82%
Aucun quiz correspondant
Distribution des résultats
% des personnes avec chaque résultat
Percentile par nombre de réponses
Votre historique - résultats
Vous n’avez pas pris ce quiz